[Event "18. Obert Int. Sant Marti 2016"]
[Site "Barcelona ESP"]
[Date "2016.07.17"]
[Round "5.23"]
[White "Lorenzo De La Riva, Lazaro"]
[Black "Sadhwani, Raunak"]
[Result "1/2-1/2"]
[WhiteElo "2370"]
[BlackElo "2122"]
[PlyCount "100"]
[EventDate "2016.07.13"]
[EventType "swiss"]
[EventRounds "9"]
[EventCountry "ESP"]
[SourceTitle "Ajedrez en Madrid"]
[Source "lmi"]
[SourceDate "2016.07.13"]
[SourceVersion "1"]
[SourceVersionDate "2019.06.21"]
[SourceQuality "1"]

1. g3 d5 2. Bg2 Nf6 3. Nf3 c6 4. c4 dxc4 5. Qc2 b5 6. a4 Bb7 7. Ne5 Qc7 8. d4
e6 9. O-O Bd6 10. Nc3 a6 11. e4 Bxe5 12. dxe5 Nfd7 13. f4 Nc5 14. Be3 Nbd7 15.
Rad1 O-O 16. Rd6 Rfd8 17. Rfd1 Nd3 18. b3 f6 19. bxc4 bxc4 20. Rxe6 fxe5 21. f5
Nf8 22. Qa2 Nxe6 23. Qxc4 Nb2 24. Qxe6+ Kh8 25. Rb1 Rd3 26. Bg5 Rxc3 27. f6 Rf8
28. Rxb2 Bc8 29. fxg7+ Kxg7 30. Qh6+ Kg8 31. h4 Rxg3 32. Kh2 Rd3 33. Bf6 Qf7
34. Bf1 Qxf6 35. Qxf6 Rxf6 36. Bxd3 c5 37. Rb8 Rc6 38. Bxa6 Rxa6 39. Rxc8+ Kg7
40. Rxc5 Rxa4 41. Rxe5 Kf6 42. Rf5+ Ke6 43. Rf4 Ke5 44. Rf7 Rxe4 45. Rxh7 Kf6
46. Kg3 Kg6 47. Ra7 Rb4 48. Ra3 Kh5 49. Ra5+ Kh6 50. h5 Rc4 1/2-1/2

[Event "18. Obert Int. Sant Marti 2016"]
[Site "Barcelona ESP"]
[Date "2016.07.17"]
[Round "5.24"]
[White "Dardha, Arben"]
[Black "Gil Quilez, Sonia"]
[Result "1-0"]
[WhiteElo "2330"]
[BlackElo "2085"]
[PlyCount "149"]
[EventDate "2016.07.13"]
[EventType "swiss"]
[EventRounds "9"]
[EventCountry "ESP"]
[SourceTitle "Ajedrez en Madrid"]
[Source "lmi"]
[SourceDate "2016.07.13"]
[SourceVersion "1"]
[SourceVersionDate "2019.06.21"]
[SourceQuality "1"]

1. e4 c6 2. d4 g6 3. Nf3 Bg7 4. Nc3 d5 5. Bf4 Bg4 6. exd5 cxd5 7. Nb5 Na6 8.
Qe2 Kf8 9. h3 Bxf3 10. Qxf3 Nf6 11. c3 Ne8 12. Bd3 e6 13. Qg3 Bf6 14. O-O Kg7
15. Rac1 Rf8 16. a3 Bh4 17. Qe3 Kg8 18. c4 dxc4 19. Bxc4 Nac7 20. Bh6 Nxb5 21.
Bxf8 Kxf8 22. Bxb5 Nd6 23. Qb3 Kg8 24. Bd3 Bf6 25. Qb4 a5 26. Qa4 Ne8 27. Be4
Rb8 28. Rfd1 b5 29. Qc2 Bxd4 30. Bc6 Qf6 31. Bxe8 Rxe8 32. b3 Bb2 33. Qc6 Rf8
34. Rc2 Bxa3 35. Qxb5 Bb4 36. Qd3 Rb8 37. Rc7 Qf4 38. Qd7 Rf8 39. Rd3 Qe5 40.
Rd1 Qf4 41. Rc4 Qe5 42. Qd4 Qe2 43. Qd3 Qe5 44. Rd4 Be7 45. Re4 Qb2 46. Re2 Qf6
47. Qb5 Bb4 48. Qe5 Qe7 49. Rc2 Rd8 50. Rcc1 Qe8 51. Qc7 Bd2 52. Rc2 Bg5 53.
Rxd8 Bxd8 54. Qb8 Kf8 55. Rc8 Ke7 56. Qb7+ Qd7 57. Qxd7+ Kxd7 58. Ra8 h5 59.
Kf1 g5 60. Ke2 f5 61. g3 e5 62. Ra6 f4 63. Rh6 fxg3 64. fxg3 h4 65. gxh4 gxh4
66. Kd3 Bg5 67. Ra6 e4+ 68. Kxe4 Bd2 69. Kd5 Kc7 70. Kc5 Be3+ 71. Kb5 Bd2 72.
Rxa5 Kd8 73. Ra2 Bc3 74. Rc2 Be5 75. Rc4 1-0

[Event "18. Obert Int. Sant Marti 2016"]
[Site "Barcelona ESP"]
[Date "2016.07.17"]
[Round "5.25"]
[White "Patil, Pratik"]
[Black "Uribe Arteaga, Daniel"]
[Result "1/2-1/2"]
[WhiteElo "2219"]
[BlackElo "2304"]
[PlyCount "106"]
[EventDate "2016.07.13"]
[EventType "swiss"]
[EventRounds "9"]
[EventCountry "ESP"]
[SourceTitle "Ajedrez en Madrid"]
[Source "lmi"]
[SourceDate "2016.07.13"]
[SourceVersion "1"]
[SourceVersionDate "2019.06.21"]
[SourceQuality "1"]

1. e4 g6 2. d4 Bg7 3. Nc3 c6 4. Nf3 d6 5. h3 Nf6 6. Bd3 O-O 7. O-O Nbd7 8. Be3
e5 9. Qd2 exd4 10. Nxd4 Re8 11. Bh6 Bxh6 12. Qxh6 Nc5 13. Rfe1 Nxd3 14. cxd3
Qb6 15. Nf3 Qxb2 16. Rac1 d5 17. Ng5 Qa3 18. exd5 Bf5 19. Nge4 Bxe4 20. dxe4
Nxd5 21. Nb1 Qa5 22. Nd2 Nf6 23. Nc4 Qh5 24. Qf4 Re6 25. Nd6 Qe5 26. Qxe5 Rxe5
27. Nxb7 Rxe4 28. Rxe4 Nxe4 29. Rxc6 Rb8 30. Rc7 Nc3 31. Nd6 Nxa2 32. Rxa7 Rb1+
33. Kh2 Rb2 34. Nxf7 Rxf2 35. Nh6+ Kf8 36. Ng4 Re2 37. Rxh7 Nc3 38. Kg3 Re7 39.
Rh8+ Kg7 40. Rd8 Ne4+ 41. Kf4 Nf6 42. Nxf6 Kxf6 43. Rd6+ Kg7 44. g4 Ra7 45. Ke5
Ra3 46. Rd7+ Kh6 47. h4 Ra5+ 48. Ke6 Ra6+ 49. Rd6 Ra4 50. h5 Rxg4 51. hxg6
Rxg6+ 52. Ke5 Kg7 53. Rxg6+ Kxg6 1/2-1/2

[Event "18. Obert Int. Sant Marti 2016"]
[Site "Barcelona ESP"]
[Date "2016.07.17"]
[Round "5.26"]
[White "Chernyak, Viktoria"]
[Black "Prince, Bajaj"]
[Result "1-0"]
[WhiteElo "2186"]
[BlackElo "2279"]
[PlyCount "83"]
[EventDate "2016.07.13"]
[EventType "swiss"]
[EventRounds "9"]
[EventCountry "ESP"]
[SourceTitle "Ajedrez en Madrid"]
[Source "lmi"]
[SourceDate "2016.07.13"]
[SourceVersion "1"]
[SourceVersionDate "2019.06.21"]
[SourceQuality "1"]

1. Nf3 Nf6 2. c4 e6 3. Nc3 Bb4 4. g3 O-O 5. Bg2 d5 6. Qb3 c5 7. O-O Nc6 8. d3
h6 9. Na4 Qe7 10. a3 Ba5 11. Bf4 e5 12. cxd5 Nd4 13. Nxd4 cxd4 14. Qb5 Bc7 15.
Bd2 Bd7 16. Qxb7 Bd6 17. Qa6 Rab8 18. Rac1 Bb5 19. Qa5 Rb7 20. Bf3 Rfb8 21. Bb4
Bxb4 22. axb4 Bxa4 23. d6 Qd7 24. Bxb7 Rxb7 25. Rc7 Rxc7 26. dxc7 Bc6 27. Rc1
Bb7 28. Qxa7 Bc8 29. Qa8 Kh7 30. b5 e4 31. dxe4 Qh3 32. e5 Ng4 33. Qg2 Qh5 34.
h3 Nxe5 35. Qe4+ g6 36. b6 d3 37. b7 d2 38. Ra1 Bxb7 39. Qxb7 Qxe2 40. c8=Q
Nf3+ 41. Qxf3 Qxf3 42. Qd7 1-0

[Event "18. Obert Int. Sant Marti 2016"]
[Site "Barcelona ESP"]
[Date "2016.07.17"]
[Round "5.27"]
[White "Harikrishnan.A.Ra"]
[Black "Cruz, Filemon"]
[Result "1/2-1/2"]
[WhiteElo "2138"]
[BlackElo "2407"]
[PlyCount "65"]
[EventDate "2016.07.13"]
[EventType "swiss"]
[EventRounds "9"]
[EventCountry "ESP"]
[SourceTitle "Ajedrez en Madrid"]
[Source "lmi"]
[SourceDate "2016.07.13"]
[SourceVersion "1"]
[SourceVersionDate "2019.06.21"]
[SourceQuality "1"]

1. e4 e5 2. Nf3 Nc6 3. Nc3 Nf6 4. Bb5 Bb4 5. O-O O-O 6. d3 d6 7. Bg5 Bxc3 8.
bxc3 Ne7 9. Nh4 Ng6 10. Nxg6 fxg6 11. Bc4+ Kh8 12. f4 Qe7 13. Rb1 b6 14. Qd2
Be6 15. Bb3 h6 16. fxe5 dxe5 17. Bxf6 Rxf6 18. Rxf6 Qxf6 19. Rf1 Qe7 20. Qf2 a5
21. Bxe6 Qxe6 22. Qf7 Qd6 23. c4 Rd8 24. h3 c6 25. Kh2 b5 26. cxb5 cxb5 27. Qb7
b4 28. Rf7 Rg8 29. Qd7 Qc5 30. Qc7 Rc8 31. Qb7 Rg8 32. Qc7 Rc8 33. Qb7 1/2-1/2

[Event "18. Obert Int. Sant Marti 2016"]
[Site "Barcelona ESP"]
[Date "2016.07.17"]
[Round "5.28"]
[White "Meneses Gonzalez, Kevin Moises"]
[Black "Valls Marti, Artur"]
[Result "1-0"]
[WhiteElo "2379"]
[BlackElo "2133"]
[PlyCount "61"]
[EventDate "2016.07.13"]
[EventType "swiss"]
[EventRounds "9"]
[EventCountry "ESP"]
[SourceTitle "Ajedrez en Madrid"]
[Source "lmi"]
[SourceDate "2016.07.13"]
[SourceVersion "1"]
[SourceVersionDate "2019.06.21"]
[SourceQuality "1"]

1. e4 c5 2. Nf3 d6 3. d4 cxd4 4. Nxd4 Nf6 5. Nc3 a6 6. Bg5 e6 7. f4 h6 8. Bh4
Be7 9. Qf3 Qc7 10. O-O-O Nbd7 11. Qg3 g5 12. fxg5 Nh5 13. Qe3 Qa5 14. Nf3 hxg5
15. Bxg5 f6 16. Bh4 b5 17. a3 Bb7 18. g4 Ng7 19. g5 f5 20. Bh3 Rc8 21. Nd5 Qa4
22. Nc3 Qa5 23. exf5 Rxc3 24. bxc3 Qxa3+ 25. Kd2 Bxf3 26. Qxf3 Rxh4 27. f6 b4
28. fxg7 Qxc3+ 29. Qxc3 bxc3+ 30. Ke2 Re4+ 31. Kf3 1-0

[Event "18. Obert Int. Sant Marti 2016"]
[Site "Barcelona ESP"]
[Date "2016.07.17"]
[Round "5.29"]
[White "Martin Capitan, Feliciano"]
[Black "Teichmann, Erik O M C"]
[Result "0-1"]
[WhiteElo "2124"]
[BlackElo "2312"]
[PlyCount "48"]
[EventDate "2016.07.13"]
[EventType "swiss"]
[EventRounds "9"]
[EventCountry "ESP"]
[SourceTitle "Ajedrez en Madrid"]
[Source "lmi"]
[SourceDate "2016.07.13"]
[SourceVersion "1"]
[SourceVersionDate "2019.06.21"]
[SourceQuality "1"]

1. e4 Nc6 2. Nc3 e6 3. Nf3 Bb4 4. a3 Bxc3 5. dxc3 d6 6. Bc4 Nge7 7. O-O O-O 8.
Qe2 Ng6 9. Bg5 Nce7 10. Rad1 h6 11. Bc1 e5 12. h3 Kh8 13. Nh2 f5 14. f4 exf4
15. exf5 Bxf5 16. Bxf4 Qd7 17. Bg3 Qc6 18. Nf3 d5 19. Bb3 Be4 20. Kh1 Rae8 21.
Nd4 Qd7 22. Kh2 c5 23. Nb5 Nf5 24. Rxf5 Bxf5 0-1

[Event "18. Obert Int. Sant Marti 2016"]
[Site "Barcelona ESP"]
[Date "2016.07.17"]
[Round "5.30"]
[White "Dalo, Hermes"]
[Black "Jimenez Ruano, Adrian"]
[Result "0-1"]
[WhiteElo "2282"]
[BlackElo "2089"]
[PlyCount "92"]
[EventDate "2016.07.13"]
[EventType "swiss"]
[EventRounds "9"]
[EventCountry "ESP"]
[SourceTitle "Ajedrez en Madrid"]
[Source "lmi"]
[SourceDate "2016.07.13"]
[SourceVersion "1"]
[SourceVersionDate "2019.06.21"]
[SourceQuality "1"]

1. d4 Nf6 2. c4 e6 3. Nc3 Bb4 4. e3 O-O 5. Bd3 d5 6. Nf3 c5 7. O-O cxd4 8. exd4
dxc4 9. Bxc4 b6 10. Bg5 Nbd7 11. Qe2 Bb7 12. Ne5 Bxc3 13. bxc3 Qc7 14. Nxd7
Nxd7 15. Rac1 Rfe8 16. f4 Rac8 17. Bd3 Qd6 18. Bb1 b5 19. Qd3 f5 20. Rf2 a6 21.
Qe3 Nb6 22. Qe1 h6 23. Bh4 Na4 24. Re2 Kf7 25. Qd2 Rc7 26. Re5 Bd5 27. Qe2 Rec8
28. Qh5+ Kg8 29. Qg6 Nxc3 30. Bxf5 Ne2+ 31. Kf2 Nxf4 32. Rxc7 Qxc7 33. Qh7+ Kf7
34. Rxd5 exd5 35. Bg3 Re8 36. Bg6+ Nxg6 37. Bxc7 Rh8 38. Qxh8 Nxh8 39. Kf3 Ng6
40. Kg4 Ne7 41. h4 Nc6 42. Bb6 a5 43. Kf5 a4 44. a3 b4 45. axb4 a3 46. b5 Ne7+
0-1

[Event "18. Obert Int. Sant Marti 2016"]
[Site "Barcelona ESP"]
[Date "2016.07.17"]
[Round "5.31"]
[White "Ginesta Caballero, Olga Lucia"]
[Black "Coll Ortega, Jordi"]
[Result "0-1"]
[WhiteElo "2088"]
[BlackElo "2243"]
[PlyCount "52"]
[EventDate "2016.07.13"]
[EventType "swiss"]
[EventRounds "9"]
[EventCountry "ESP"]
[SourceTitle "Ajedrez en Madrid"]
[Source "lmi"]
[SourceDate "2016.07.13"]
[SourceVersion "1"]
[SourceVersionDate "2019.06.21"]
[SourceQuality "1"]

1. e4 c5 2. Nc3 a6 3. f4 b5 4. Nf3 Bb7 5. d3 e6 6. g3 d5 7. e5 h5 8. Bg2 Nh6 9.
Bd2 Nc6 10. O-O Nf5 11. Bh3 g6 12. a3 Qb6 13. Bxf5 gxf5 14. Ne2 d4 15. b3 Ne7
16. c4 h4 17. b4 hxg3 18. Nxg3 Ng6 19. bxc5 Bxc5 20. Rb1 Qc6 21. Rc1 Nh4 22.
Nxh4 Rxh4 23. Qe2 Rg4 24. cxb5 Qh1+ 25. Kf2 Qxh2+ 26. Ke1 Qxg3+ 0-1

[Event "18. Obert Int. Sant Marti 2016"]
[Site "Barcelona ESP"]
[Date "2016.07.17"]
[Round "5.32"]
[White "Martinez Lopez, Ivan"]
[Black "Dahale, Atul"]
[Result "1/2-1/2"]
[WhiteElo "2242"]
[BlackElo "2079"]
[PlyCount "108"]
[EventDate "2016.07.13"]
[EventType "swiss"]
[EventRounds "9"]
[EventCountry "ESP"]
[SourceTitle "Ajedrez en Madrid"]
[Source "lmi"]
[SourceDate "2016.07.13"]
[SourceVersion "1"]
[SourceVersionDate "2019.06.21"]
[SourceQuality "1"]

1. Nf3 Nf6 2. g3 b6 3. Bg2 Bb7 4. O-O e6 5. c4 c5 6. Nc3 Be7 7. d4 cxd4 8. Qxd4
d6 9. Rd1 a6 10. Bg5 Nbd7 11. Rac1 O-O 12. h3 Rc8 13. b3 Qc7 14. Qd2 Rfd8 15.
Bf4 Nc5 16. g4 Nfe4 17. Nxe4 Nxe4 18. Qd3 e5 19. Be3 Nc5 20. Qc3 f5 21. Bxc5
bxc5 22. gxf5 Rf8 23. Qc2 e4 24. Nd2 Rxf5 25. Nxe4 Rcf8 26. Rf1 Rf4 27. Qd3
Bxe4 28. Bxe4 Bh4 29. Bxh7+ Kh8 30. Be4 Qe7 31. Bg2 Bxf2+ 32. Kh1 R8f6 33. Rcd1
Rd4 34. Qc2 Be3 35. Rxf6 Qxf6 36. Rf1 Rf4 37. Rxf4 Bxf4 38. Qd1 Qh4 39. Qg1 Qg3
40. Bf1 Qxg1+ 41. Kxg1 g5 42. Kf2 Kg7 43. Kf3 Bd2 44. Ke4 Kf6 45. Kd5 Ke7 46.
e4 Bc3 47. Be2 a5 48. Bf3 Kd7 49. Bg4+ Kc7 50. Ke6 Bb2 51. Kf5 Bc1 52. Kf6 Bd2
53. Kg6 Be3 54. Kf5 Bd2 1/2-1/2

[Event "18. Obert Int. Sant Marti 2016"]
[Site "Barcelona ESP"]
[Date "2016.07.17"]
[Round "5.33"]
[White "Qiu, Mengjie"]
[Black "Garcia Lopez, Nicolas"]
[Result "1-0"]
[WhiteElo "2231"]
[BlackElo "2069"]
[PlyCount "93"]
[EventDate "2016.07.13"]
[EventType "swiss"]
[EventRounds "9"]
[EventCountry "ESP"]
[SourceTitle "Ajedrez en Madrid"]
[Source "lmi"]
[SourceDate "2016.07.13"]
[SourceVersion "1"]
[SourceVersionDate "2019.06.21"]
[SourceQuality "1"]

1. e4 e6 2. d4 d5 3. Nd2 c5 4. exd5 Qxd5 5. Ngf3 cxd4 6. Bc4 Qd7 7. O-O Nf6 8.
Nb3 Nc6 9. Nbxd4 a6 10. a4 Nxd4 11. Nxd4 Bc5 12. Be3 Qc7 13. Bb3 O-O 14. Qe2
Re8 15. Nf3 h6 16. Bxc5 Qxc5 17. Qe5 Qxe5 18. Nxe5 Nd7 19. Nc4 Nc5 20. Nb6 Rb8
21. f4 Kf8 22. Rfd1 Ke7 23. Bc4 Nd7 24. Nxc8+ Rbxc8 25. Rd4 Red8 26. Rad1 Nb6
27. Bb3 a5 28. Kf2 Rxd4 29. Rxd4 Rc5 30. Kf3 g5 31. g3 f5 32. Rd2 Nc4 33. Re2
Kf6 34. c3 b6 35. Kf2 Rc6 36. Ba2 Rc7 37. Ke1 Rc5 38. Kd1 Rc6 39. Kc2 e5 40.
Kd3 Nxb2+ 41. Rxb2 gxf4 42. gxf4 exf4 43. Bd5 Rc7 44. Rxb6+ Kg5 45. c4 Re7 46.
c5 Rd7 47. Rd6 1-0

[Event "18. Obert Int. Sant Marti 2016"]
[Site "Barcelona ESP"]
[Date "2016.07.17"]
[Round "5.34"]
[White "Jove Grau, Lluis"]
[Black "Carrasco Rodriguez, Jesus"]
[Result "1-0"]
[WhiteElo "2077"]
[BlackElo "2202"]
[PlyCount "75"]
[EventDate "2016.07.13"]
[EventType "swiss"]
[EventRounds "9"]
[EventCountry "ESP"]
[SourceTitle "Ajedrez en Madrid"]
[Source "lmi"]
[SourceDate "2016.07.13"]
[SourceVersion "1"]
[SourceVersionDate "2019.06.21"]
[SourceQuality "1"]

1. d4 d5 2. c4 c6 3. Nf3 Nf6 4. e3 a6 5. Nc3 b5 6. c5 Nbd7 7. b4 a5 8. bxa5
Qxa5 9. Bd2 b4 10. Ne2 Ne4 11. Nc1 e5 12. Nb3 Qa4 13. Be2 exd4 14. exd4 Be7 15.
O-O O-O 16. Qe1 Nxd2 17. Qxd2 Bf6 18. Rfe1 Ba6 19. Bxa6 Rxa6 20. Qf4 Rfa8 21.
h4 Nf8 22. g4 R6a7 23. g5 Be7 24. Re3 Qa6 25. Nc1 Qc4 26. Ne5 Qc2 27. Ncd3 Qa4
28. Rb1 f6 29. Ng4 Ng6 30. Qf5 Qc2 31. Rbe1 fxg5 32. Qe6+ Kh8 33. Nde5 Nxe5 34.
Nxe5 g6 35. Nxc6 Rf8 36. R1e2 Qd1+ 37. Kg2 Rf6 38. Qe5 1-0

[Event "18. Obert Int. Sant Marti 2016"]
[Site "Barcelona ESP"]
[Date "2016.07.17"]
[Round "5.35"]
[White "Masferrer Niubo, Enric"]
[Black "Yashas, D.."]
[Result "0-1"]
[WhiteElo "2054"]
[BlackElo "2201"]
[PlyCount "62"]
[EventDate "2016.07.13"]
[EventType "swiss"]
[EventRounds "9"]
[EventCountry "ESP"]
[SourceTitle "Ajedrez en Madrid"]
[Source "lmi"]
[SourceDate "2016.07.13"]
[SourceVersion "1"]
[SourceVersionDate "2019.06.21"]
[SourceQuality "1"]

1. e4 e6 2. d3 d5 3. Nd2 Nf6 4. Ngf3 c5 5. g3 Nc6 6. Bg2 Be7 7. O-O O-O 8. Re1
Re8 9. e5 Nd7 10. h4 b5 11. Nf1 Rb8 12. N1h2 b4 13. Bf4 Rb6 14. Bh3 h6 15. Nd2
Nf8 16. Qh5 Ng6 17. Ndf3 Nxf4 18. gxf4 Bf8 19. Kh1 g6 20. Rg1 Bg7 21. Qg4 h5
22. Qg3 Ne7 23. Ng5 Nf5 24. Bxf5 exf5 25. a3 Qc7 26. axb4 Rxb4 27. b3 c4 28.
bxc4 dxc4 29. Qe3 cxd3 30. cxd3 a6 31. Rgb1 Qb7+ 0-1

[Event "18. Obert Int. Sant Marti 2016"]
[Site "Barcelona ESP"]
[Date "2016.07.17"]
[Round "5.36"]
[White "Yogit, S."]
[Black "Prieto, Ernesto"]
[Result "1-0"]
[WhiteElo "2197"]
[BlackElo "2064"]
[PlyCount "55"]
[EventDate "2016.07.13"]
[EventType "swiss"]
[EventRounds "9"]
[EventCountry "ESP"]
[SourceTitle "Ajedrez en Madrid"]
[Source "lmi"]
[SourceDate "2016.07.13"]
[SourceVersion "1"]
[SourceVersionDate "2019.06.21"]
[SourceQuality "1"]

1. e4 e5 2. Nf3 Nc6 3. Bb5 f5 4. Nc3 Nf6 5. exf5 e4 6. Qe2 d5 7. d3 Bb4 8. Nd4
O-O 9. Nxc6 bxc6 10. Bxc6 Bxf5 11. O-O Rb8 12. dxe4 dxe4 13. Nxe4 Qe7 14. Nxf6+
Qxf6 15. Qc4+ Kh8 16. Be3 Bd6 17. Bd4 Qh6 18. g3 Rb4 19. Qc3 Bxc2 20. a3 Ra4
21. b4 Qg6 22. Rac1 Be4 23. Bxa4 Rf3 24. Qe1 Bf4 25. Rc3 Rxc3 26. Qxc3 h5 27.
Bxg7+ Kh7 28. Be5 1-0

[Event "18. Obert Int. Sant Marti 2016"]
[Site "Barcelona ESP"]
[Date "2016.07.17"]
[Round "5.37"]
[White "Dardha, Daniel"]
[Black "Salagran Ferragut, Guillem"]
[Result "1/2-1/2"]
[WhiteElo "2035"]
[BlackElo "2196"]
[PlyCount "60"]
[EventDate "2016.07.13"]
[EventType "swiss"]
[EventRounds "9"]
[EventCountry "ESP"]
[SourceTitle "Ajedrez en Madrid"]
[Source "lmi"]
[SourceDate "2016.07.13"]
[SourceVersion "1"]
[SourceVersionDate "2019.06.21"]
[SourceQuality "1"]

1. Nf3 Nf6 2. g3 b5 3. Bg2 Bb7 4. d4 e6 5. O-O Be7 6. Bg5 O-O 7. Qd3 d5 8. c3
a6 9. Nbd2 Nbd7 10. Bxf6 Nxf6 11. b4 a5 12. a3 axb4 13. axb4 Qd6 14. Ne5 Qb6
15. Nb3 Rxa1 16. Rxa1 Ra8 17. Qb1 Bd6 18. Nd3 Ne4 19. Rxa8+ Bxa8 20. Qa1 Bc6
21. f3 Nf6 22. Qa5 Nd7 23. Ndc5 Bxc5 24. bxc5 Qb7 25. Na1 e5 26. e3 exd4 27.
exd4 Nf6 28. Nc2 Be8 29. Nb4 c6 30. Bh3 Kf8 1/2-1/2

[Event "18. Obert Int. Sant Marti 2016"]
[Site "Barcelona ESP"]
[Date "2016.07.17"]
[Round "5.38"]
[White "Garcia Ramos, Daniel"]
[Black "Likhit, Chilukuri"]
[Result "1-0"]
[WhiteElo "2195"]
[BlackElo "2030"]
[PlyCount "77"]
[EventDate "2016.07.13"]
[EventType "swiss"]
[EventRounds "9"]
[EventCountry "ESP"]
[SourceTitle "Ajedrez en Madrid"]
[Source "lmi"]
[SourceDate "2016.07.13"]
[SourceVersion "1"]
[SourceVersionDate "2019.06.21"]
[SourceQuality "1"]

1. e4 e6 2. d4 d5 3. Bd3 dxe4 4. Bxe4 Nf6 5. Bf3 c5 6. Ne2 Nc6 7. Be3 e5 8.
Bxc6+ bxc6 9. dxe5 Qxd1+ 10. Kxd1 Ng4 11. Nd2 Nxe5 12. Re1 Be7 13. Nc3 O-O 14.
Nce4 Ng4 15. Bxc5 Bxc5 16. Nxc5 Nxf2+ 17. Kc1 Ng4 18. Nf3 Rd8 19. c3 Kf8 20. h3
Nf6 21. b4 Nd5 22. Kb2 Nf4 23. Rad1 Rxd1 24. Rxd1 Nxg2 25. Rd8+ Ke7 26. Rg8 Kf6
27. Ne4+ Kg6 28. Nd6 Bb7 29. Ne8 Nf4 30. Rxg7+ Kh6 31. Rxf7 Rxe8 32. Rxb7 Nxh3
33. Rxa7 Rc8 34. a4 Kg6 35. Rb7 Nf4 36. a5 h5 37. a6 Kf5 38. a7 Ra8 39. Nd4+
1-0

[Event "18. Obert Int. Sant Marti 2016"]
[Site "Barcelona ESP"]
[Date "2016.07.17"]
[Round "5.39"]
[White "Gaikwad, Siddhant"]
[Black "Ivana Maria, Furtado"]
[Result "1-0"]
[WhiteElo "2003"]
[BlackElo "2188"]
[PlyCount "81"]
[EventDate "2016.07.13"]
[EventType "swiss"]
[EventRounds "9"]
[EventCountry "ESP"]
[SourceTitle "Ajedrez en Madrid"]
[Source "lmi"]
[SourceDate "2016.07.13"]
[SourceVersion "1"]
[SourceVersionDate "2019.06.21"]
[SourceQuality "1"]

1. e4 Nc6 2. d4 d5 3. exd5 Qxd5 4. Nf3 Bg4 5. Be2 O-O-O 6. Be3 e5 7. c3 exd4 8.
cxd4 Qa5+ 9. Nc3 Nf6 10. O-O Bb4 11. h3 Be6 12. Na4 Nd5 13. a3 Nxe3 14. axb4
Nxd1 15. bxa5 Nxb2 16. Nxb2 Nxd4 17. Nxd4 Rxd4 18. Rfd1 Rhd8 19. Bf3 a6 20.
Rxd4 Rxd4 21. Rd1 Rb4 22. Nd3 Rb5 23. Ra1 g6 24. Ra4 c5 25. Ne5 Kc7 26. Be4 Bb3
27. Ra1 Kd6 28. Nf3 h6 29. Rb1 c4 30. Nd4 Rxa5 31. Nxb3 cxb3 32. Rxb3 b5 33.
Kf1 Ra4 34. Bd3 b4 35. Ke2 Ra2+ 36. Ke3 a5 37. Bb1 Ra1 38. Kd4 f6 39. Bxg6 Ra2
40. Be4 Rxf2 41. Rd3 1-0

[Event "18. Obert Int. Sant Marti 2016"]
[Site "Barcelona ESP"]
[Date "2016.07.17"]
[Round "5.40"]
[White "Adeimi, Michel"]
[Black "Gavrish, Leonid"]
[Result "1-0"]
[WhiteElo "1963"]
[BlackElo "2158"]
[PlyCount "79"]
[EventDate "2016.07.13"]
[EventType "swiss"]
[EventRounds "9"]
[EventCountry "ESP"]
[SourceTitle "Ajedrez en Madrid"]
[Source "lmi"]
[SourceDate "2016.07.13"]
[SourceVersion "1"]
[SourceVersionDate "2019.06.21"]
[SourceQuality "1"]

1. e4 d6 2. d4 Nf6 3. Nc3 g6 4. f4 Bg7 5. Nf3 O-O 6. e5 dxe5 7. fxe5 Nd5 8. Bc4
Be6 9. Qe2 Nxc3 10. bxc3 Bxc4 11. Qxc4 Nd7 12. Ba3 Nb6 13. Qb3 Qd7 14. O-O Rae8
15. c4 c6 16. Rad1 Qe6 17. d5 Qc8 18. d6 c5 19. Qb5 exd6 20. exd6 Nd7 21. Rfe1
Bc3 22. Re7 Rd8 23. Bb2 Bxb2 24. Qxb2 Qc6 25. Ng5 Qb6 26. Qa1 f6 27. Ne6 Ne5
28. Nxd8 Qxd8 29. Qb2 b6 30. Qb5 Qa8 31. d7 Rd8 32. a4 h5 33. a5 Kf8 34. Re6
Kf7 35. Red6 Qe4 36. Qb3 bxa5 37. Qc3 Ke7 38. R6d5 Rxd7 39. Rxd7+ Nxd7 40. Re1
1-0

[Event "18. Obert Int. Sant Marti 2016"]
[Site "Barcelona ESP"]
[Date "2016.07.17"]
[Round "5.41"]
[White "Capellades Subirana, Marc"]
[Black "Ojas, Kulkarni"]
[Result "1-0"]
[WhiteElo "2153"]
[BlackElo "2006"]
[PlyCount "69"]
[EventDate "2016.07.13"]
[EventType "swiss"]
[EventRounds "9"]
[EventCountry "ESP"]
[SourceTitle "Ajedrez en Madrid"]
[Source "lmi"]
[SourceDate "2016.07.13"]
[SourceVersion "1"]
[SourceVersionDate "2019.06.21"]
[SourceQuality "1"]

1. e4 e5 2. Nf3 Nc6 3. Bc4 Bc5 4. b4 Bxb4 5. c3 Be7 6. d4 Na5 7. Nxe5 Nxc4 8.
Nxc4 d5 9. exd5 Qxd5 10. Ne3 Qa5 11. O-O Nf6 12. Nc4 Qh5 13. Qxh5 Nxh5 14. Re1
Be6 15. Na5 O-O-O 16. Na3 Rhe8 17. h3 Bxa3 18. Bxa3 Nf4 19. f3 f6 20. Re4 Ng6
21. Rae1 Bf7 22. Rb1 Bd5 23. Rxe8 Rxe8 24. c4 b6 25. cxd5 bxa5 26. d6 Nf4 27.
Kf1 Ne6 28. Rc1 Nxd4 29. Rxc7+ Kd8 30. Rxg7 Nb5 31. Bb2 Nxd6 32. Bxf6+ Kc8 33.
Rxa7 Re6 34. Bc3 Nb5 35. Rxa5 1-0

[Event "18. Obert Int. Sant Marti 2016"]
[Site "Barcelona ESP"]
[Date "2016.07.17"]
[Round "5.42"]
[White "Noordhoek, Henk"]
[Black "Jayakumaar, S."]
[Result "0-1"]
[WhiteElo "1976"]
[BlackElo "2151"]
[PlyCount "142"]
[EventDate "2016.07.13"]
[EventType "swiss"]
[EventRounds "9"]
[EventCountry "ESP"]
[SourceTitle "Ajedrez en Madrid"]
[Source "lmi"]
[SourceDate "2016.07.13"]
[SourceVersion "1"]
[SourceVersionDate "2019.06.21"]
[SourceQuality "1"]

1. Nf3 d5 2. g3 Nf6 3. Bg2 c6 4. O-O Bf5 5. d3 h6 6. b3 e6 7. Bb2 a5 8. c4 Be7
9. Nc3 O-O 10. Nd4 Bh7 11. cxd5 cxd5 12. Rc1 Na6 13. Ndb5 Qd7 14. a4 Rfc8 15.
Qd2 Rd8 16. Ba3 b6 17. Qb2 Rac8 18. Na2 Bxa3 19. Qxa3 e5 20. b4 axb4 21. Nxb4
Nc5 22. d4 exd4 23. Nxd4 Nxa4 24. Nbc6 Nc5 25. Nxd8 Rxd8 26. Qb2 Qd6 27. Ra1
Nfe4 28. Ra7 Qf6 29. f3 Nd6 30. Qa1 Nc4 31. Ra8 Bg6 32. Rxd8+ Qxd8 33. Qc3 Qf6
34. Ra1 Nd6 35. e3 Kh7 36. Ne2 Qd8 37. Nf4 Nc4 38. Ra7 Qb8 39. Re7 Qd6 40. Nxg6
Kxg6 41. Ra7 Ne6 42. Qd3+ Kf6 43. Bh3 Qe5 44. Bxe6 fxe6 45. Qd4 g5 46. Kf2 Qxd4
47. exd4 Kg6 48. Ke2 Kf6 49. Rh7 Kg6 50. Rb7 Kf6 51. Rb8 Kf7 52. h4 gxh4 53.
gxh4 Nd6 54. Rxb6 Nf5 55. Kd3 Nxh4 56. Ke3 Nf5+ 57. Kd3 h5 58. Rb8 h4 59. Rh8
Kg7 60. Re8 h3 61. Rxe6 h2 62. Re1 Ng3 63. Ke3 h1=Q 64. Rxh1 Nxh1 65. f4 Kf6
66. Kf3 Kf5 67. Kg2 Kxf4 68. Kxh1 Ke4 69. Kg2 Kxd4 70. Kf3 Kc3 71. Ke2 d4 0-1